000 00275nam a22001097a 4500
008 240308b |||||||| |||| 00| 0 eng d
100 _aSwami satyanath
_99264
245 _aSri sri Nigamander jibani o Bani
260 _bSaraswat math,
_c1962.
300 _a276p.
942 _cBK
999 _c38987
_d38987